Twentieth-century fiction : (Record no. 584)
| 000 -LEADER | |
|---|---|
| fixed length control field | 01079cam a2200301 a 4500 |
| 001 - CONTROL NUMBER | |
| control field | 1598948 |
| 003 - CONTROL NUMBER IDENTIFIER | |
| control field | OSt |
| 005 - DATE AND TIME OF LATEST TRANSACTION | |
| control field | 20140116120832.0 |
| 008 - FIXED-LENGTH DATA ELEMENTS--GENERAL INFORMATION | |
| fixed length control field | 941024s1995 enka b 001 0 eng |
| 010 ## - LIBRARY OF CONGRESS CONTROL NUMBER | |
| LC control number | 94042734 |
| 020 ## - INTERNATIONAL STANDARD BOOK NUMBER | |
| International Standard Book Number | 9780415105903 |
| 040 ## - CATALOGING SOURCE | |
| Transcribing agency | DLC |
| Modifying agency | DLC |
| 050 00 - LIBRARY OF CONGRESS CALL NUMBER | |
| Classification number | PN3503.T84 1995 |
| 245 00 - TITLE STATEMENT | |
| Title | Twentieth-century fiction : |
| Remainder of title | from text to context / |
| Statement of responsibility, etc | Peter Verdonk and Jean Jacques Weber editors. |
| 260 ## - PUBLICATION, DISTRIBUTION, ETC. (IMPRINT) | |
| Place of publication, distribution, etc | London : |
| Name of publisher, distributor, etc | Routledge, |
| Date of publication, distribution, etc | 1995. |
| 300 ## - PHYSICAL DESCRIPTION | |
| Extent | xix, 269 p. : |
| Other physical details | ill. |
| 490 1# - SERIES STATEMENT | |
| Series statement | Interface |
| 504 ## - BIBLIOGRAPHY, ETC. NOTE | |
| Bibliography, etc | Includes bibliographical references and index. |
| 650 #0 - SUBJECT ADDED ENTRY--TOPICAL TERM | |
| Topical term or geographic name as entry element | Fiction |
| Geographic subdivision | 20th century |
| General subdivision | History and criticism. |
| 650 #0 - SUBJECT ADDED ENTRY--TOPICAL TERM | |
| Topical term or geographic name as entry element | Style, Literary. |
| 700 1# - ADDED ENTRY--PERSONAL NAME | |
| Personal name | Verdonk, Peter |
| 700 1# - ADDED ENTRY--PERSONAL NAME | |
| Personal name | Weber, Jean Jacques. |
| 830 #0 - SERIES ADDED ENTRY--UNIFORM TITLE | |
| Uniform title | Interface (London, England) |
| 856 42 - ELECTRONIC LOCATION AND ACCESS | |
| Materials specified | Publisher description |
| Uniform Resource Identifier | <a href="http://www.loc.gov/catdir/enhancements/fy0648/94042734-d.html">http://www.loc.gov/catdir/enhancements/fy0648/94042734-d.html</a> |
| 906 ## - LOCAL DATA ELEMENT F, LDF (RLIN) | |
| a | 7 |
| b | cbc |
| c | orignew |
| d | 1 |
| e | ocip |
| f | 19 |
| g | y-gencatlg |
| 942 ## - ADDED ENTRY ELEMENTS (KOHA) | |
| Source of classification or shelving scheme | |
| Koha item type | Book |
| Withdrawn status | Lost status | Source of classification or shelving scheme | Damaged status | Not for loan | Home library | Current library | Date acquired | Source of acquisition | Total Checkouts | Full call number | Barcode | Date last seen | Copy number | Price effective from | Koha item type |
|---|---|---|---|---|---|---|---|---|---|---|---|---|---|---|---|
| Riara University Library | Riara University Library | 24/10/2011 | Purchase | PN3503.T84 1995 | 1541/11 | 24/10/2011 | C.1 | 24/10/2011 | Book | ||||||
| Riara University Library | Riara University Library | 24/10/2011 | Purchase | PN3503.T84 1995 | 1540/11 | 24/10/2011 | C.2 | 24/10/2011 | Book | ||||||
| Riara University Library | Riara University Library | 24/10/2011 | Purchase | PN3503.T84 1995 | 1539/11 | 24/10/2011 | C.3 | 24/10/2011 | Book |
